000 00562nam a22001697a 4500
003 OSt
005 20260425011758.0
008 260425b |||||||| |||| 00| 0 eng d
020 _a0-07-137524-2
040 _aDWCL-Main lib.
_cOC
082 _aCirc. 621.319 B849 2002
100 _aBrickner, Dale C.
245 _aMcgraw-Hill's illustrated index to the 2002 national electrical code/
_cDale C. Brickner
260 _aNew York :
_b McGraw-Hill Co.,
_cc2002
300 _av, 351 pages,
_b illustrations :
_c24 centimeters.
942 _2ddc
_cBK-CIRC
_hCirc.
_n0
999 _c9870
_d9870